000 00796nam a2200265 a 4500
001 57331
003 BD-RJUL
005 20211209080509.0
008 161208s1975 enka 001 0 eng
020 _a0877350612
035 _a(BD-RJUL) 57455
040 _aDLC
_cDLC
_dBD-RJUL
_beng
041 _aeng
082 _223
_a363.6
_bENV 1975
099 _aTD194.5.E58
245 1 0 _aEnvironmental impact assessment /
_cRuthann Corwin ... [et al.].
260 _aSan Francisco, CA :
_bFreeman, Cooper,
_cc1975.
300 _a277 p. :
_bill. ;
_c25 cm.
500 _aIncludes index.
650 0 _aEnvironmental impact statements.
_9170266
650 0 _aEnvironmental protection
_zUnited States.
_9170267
700 1 _aCorwin, Ruthann,
_d1945-
_9170268
942 _2ddc
_cBK
999 _c57331
_d57331